Statystyki dla Stacje Kolei Śląskich: S31

Kliknij tutaj aby rozwiązać quiz!

Ogólne statystyki

  • Ten quiz został rozwiązany 11 razy
  • Średni wynik to 9 z 11

Statystyki odpowiedzi

Nazwa% Poprawnych
1Katowice
100%
3Katowice Szopienice Południowe
91%
2Katowice Zawodzie
91%
9Chełm Śląski
82%
8Imielin
82%
4Mysłowice
82%
5Mysłowice Brzęczkowice
82%
10Nowy Bieruń
82%
11Oświęcim
82%
6Mysłowice Brzezinka
73%
7Mysłowice Kosztowy
73%

Rozkład punktacji

Percentyl według liczby udzielonych odpowiedzi

Procent ludzi z każdym wynikiem

Twoja historia wyników

Nie rozwiązałeś tego quizu